000 00419nam a2200169Ia 4500
008 230524s9999 xx 000 0 und d
020 _a9788174767295
082 _a624.0681
_bDUT
100 _aB.N.Dutta
245 0 _aEstimating and Costing in Civil Engineering
250 _a1
260 _aNew Delhi
_bUBSPD
_c2012
300 _a"xiiii,904p;"
500 _aQuantity Number: 52
650 _aCivil
942 _cBK
999 _c55835
_d55835